Liquid Rubber, A Cross-linkable Plasticizer (Record no. 75602)

MARC details
000 -LEADER
fixed length control field 00579nam a22001697a 4500
100 ## - MAIN ENTRY--AUTHOR NAME
Personal name Das, M.
245 ## - TITLE STATEMENT
Title Liquid Rubber, A Cross-linkable Plasticizer
260 ## - PUBLICATION, DISTRIBUTION, ETC. (IMPRINT)
Name of publisher International Rubber Conference-rubber Con 2024: Sustainable Development In Rubber Industry-challenges And Opportunities, 5-7 December 2024, Indian Rubber Institute, Kochi, India, P. 43.
Year of publication 2024
300 ## - PHYSICAL DESCRIPTION
Other physical details Abstract only
650 ## - SUBJECT ADDED ENTRY--TOPICAL TERM
Topical Term Liquid Rubber
650 ## - SUBJECT ADDED ENTRY--TOPICAL TERM
Topical Term Cross-linkable plasticizer
650 ## - SUBJECT ADDED ENTRY--TOPICAL TERM
Topical Term Tire
650 ## - SUBJECT ADDED ENTRY--TOPICAL TERM
Topical Term Polyisoprene
650 ## - SUBJECT ADDED ENTRY--TOPICAL TERM
Topical Term Polybutadiene
942 ## - ADDED ENTRY ELEMENTS (KOHA)
Koha item type Journals
Holdings
Withdrawn status Lost status Damaged status Not for loan Home library Current library Date acquired Koha item type
        RRII Library RRII Library 22/09/2025 Journals